Đang tải...
Vegetable crops: genetic resources and improvement
| Tác giả chính: | |
|---|---|
| Tác giả khác: | |
| Định dạng: | Printed Book |
| Ngôn ngữ: | Undetermined English |
| Được phát hành: |
New Delhi
New india publishing house agency
2012
|
| Những chủ đề: |
| LEADER | 00819nam a2200205Ia 4500 | ||
|---|---|---|---|
| 008 | 140306s9999 xx 000 0 und d | ||
| 020 | |a 9789380235509 | ||
| 041 | |a eng | ||
| 082 | |a 635 |b DIN/VE | ||
| 100 | |a Dinesh Kumar, Singh | ||
| 700 | |a Harshavardhan, Choudhary | ||
| 245 | |a Vegetable crops: genetic resources and improvement | ||
| 260 | |a New Delhi |b New india publishing house agency |c 2012 | ||
| 300 | |a 487 | ||
| 365 | |b RS.2160/- | ||
| 650 | |a Vegetable crops | ||
| 942 | |2 ddc |c BK | ||
| 999 | |c 123118 |d 123118 | ||
| 952 | |0 0 |1 0 |2 ddc |4 0 |6 635_000000000000000_DINVE |7 0 |9 122788 |a KAUHCV |b KAUHCV |d 2012-10-06 |g 2160.00 |o 635 DIN/VE |p KAU_HCV-29121 |r 2014-03-22 |w 2014-03-22 |y BK | ||
| 952 | |0 0 |1 0 |2 ddc |4 0 |6 635_000000000000000_DINVE |7 0 |9 122789 |a KAUHCV |b KAUHCV |d 2012-10-06 |g 2160.00 |o 635 DIN/VE |p KAU_HCV-30417 |r 2014-03-22 |w 2014-03-22 |y BK | ||